000 00316nam a2200121Ia 4500
008 190216s9999||||xx |||||||||||||| ||und||
100 _aRuel V Churchil And James W Browm Etc
245 0 _aComplex Variables And Applications
260 _bMcgraw -hill
_c1974
300 _a332p
650 _aMathematics
942 _cBK
999 _c30648
_d30648